HARRY MOVES HOUSE (Record no. 8525)
[ view plain ]
| 000 -LEADER | |
|---|---|
| fixed length control field | 00307nam a22001337a 4500 |
| 020 ## - INTERNATIONAL STANDARD BOOK NUMBER | |
| ISBN | 0-00-674515-6 |
| 082 ## - DEWEY DECIMAL CLASSIFICATION NUMBER | |
| Classification number | 823 |
| Item number | ANDE/H |
| 100 ## - MAIN ENTRY--AUTHOR NAME | |
| Personal name | ANDERSON,SCOULAR |
| 245 ## - TITLE STATEMENT | |
| Title | HARRY MOVES HOUSE |
| 246 ## - VARYING FORM OF TITLE | |
| Title proper/short title | HARRY MOVES HOUSE |
| Remainder of title | HARRY MOVES HOUSE |
| 260 ## - PUBLICATION, DISTRIBUTION, ETC. (IMPRINT) | |
| Place of publication | LONDON |
| Name of publisher | COLLINS |
| Year of publication | 1993 |
| 300 ## - PHYSICAL DESCRIPTION | |
| Number of Pages | 64 |
| 942 ## - ADDED ENTRY ELEMENTS (KOHA) | |
| Koha item type | Books |
No items available.